• Lora M., Dianin G., Di Nicola G.P., Danese A., Todaro F., Belletti F., Anfossi G., Zattoni M., Gillini G., Nervo G.,

di Personal Name

Records bibliografici associati: 1

001 - CONTROL NUMBER

  • control field: 60594

003 - CONTROL NUMBER IDENTIFIER

  • control field:

005 - DATE AND TIME OF LATEST TRANSACTION

  • control field: 20240329113511.0

008 - FIXED-LENGTH DATA ELEMENTS

  • fixed length control field: 240329|| aca||aabn | a|a d

040 ## - CATALOGING SOURCE

  • Original cataloging agency:
  • Transcribing agency:

100 ## - HEADING--PERSONAL NAME

  • Personal name: Lora M., Dianin G., Di Nicola G.P., Danese A., Todaro F., Belletti F., Anfossi G., Zattoni M., Gillini G., Nervo G.,
  • Personal name: Giachetti P., Fouad Allam K., Salachas D., Mocellin G., Beffa C

670 ## - SOURCE DATA FOUND

  • Source citation: Work cat.: ()227227: Lopez Trujillo Alfonso 60593, Il Giubileo della famiglia, 2000
CREDITS: SOCIETA' SAN PAOLO Via A.Severo, 58 - ROMA (RM) & PERIODICI SAN PAOLO SRL Via Giotto, 36 MILANO & CISF Via Giotto, 36 MILANO & EDIZIONI SAN PAOLO SRL,  Piazza Soncino, 5 CINISELLO BALSAMO (MI) -- ITALY